| 000 | 00523nam a22001457a 4500 | ||
|---|---|---|---|
| 082 | _a620.1 | ||
| 100 | _aHassan, Syed Fahad | ||
| 245 |
_aInfluence of point of impact on damage in single lap-joints of woven fabric composites / _cSyed Fahad Hassan. |
||
| 260 |
_aIslamabad: _bCEME - NUST, _c2013. |
||
| 300 |
_a126 p.: ill.; _c30cm. |
||
| 650 |
_aMechanical Engineering - MS Theses. _930365 |
||
| 700 |
_aSup: Dr. Rizwan Saeed Choudhry. _934616 |
||
| 942 |
_2ddc _cTHE |
||
| 999 |
_c540735 _d540735 |
||